Izraelskí komunisti za mier na Blízkom východe

Bibliographic Details
Main Authors: Hrouzek, Karel (Author), Hrozek, Karel (Author)
Format: Article
Language:Slovak
Subjects:

MARC

LEADER 00000nab a2200000 a 4500
001 vtls000285970
003 SK-MaSNL
005 20260303172900.0
008 111201c1987 xo 0 slo
015 |a SNBRB19rr/mm-uuuuu 
035 |a CL0296088 
040 |a SNKBUCL  |b slo  |c SNKBUCL  |e AACR2 
041 0 |a slo 
044 |a xo  |c SK 
080 |a 329.15(437:569.4)  |2 1981 
080 |a 329.15(100-19)(569.4:437)  |2 1981 
100 1 |a Hrouzek, Karel  |4 aut  |9 1198578 
245 1 0 |a Izraelskí komunisti za mier na Blízkom východe  |c Karel Hrouzek ; Karel Hrozek 
610 7 |a Komunistická strana Československa  |2 snkbucl  |9 32256 
650 0 7 |a Komunistická strana Izraela  |2 snkbucl  |9 935251 
655 7 |a články z novín a časopisov  |2 snkbucl  |9 267496 
700 1 |a Hrozek, Karel  |4 aut  |9 1198579 
773 0 |t Život strany  |g Č. 14 (1987), s. 54-55 
850 |a Slovenská národná knižnica v Martine  |a MTA001 
852 |a SNK  |b KIS3GCP 
958 |a RK 
992 |a RBX 
999 |c 2089521  |d 2091451